|
|
|
|
| LEADER |
00000nas a2200000 a 4500 |
| 001 |
ssj0000492931 |
| 003 |
WaSeSS |
| 005 |
20200512172242.0 |
| 006 |
m d |
| 007 |
cr n |
| 008 |
940321c19uu9999ae fr p s 0 0fre |
| 010 |
|
|
|a 93968506
|
| 016 |
7 |
|
|a 2158211-7
|2 DE-600
|
| 022 |
|
|
|l 1111-0015
|y 1111-0015
|
| 035 |
|
|
|a (WaSeSS)ssj0000492931
|
| 040 |
|
|
|a DLC
|b eng
|c DLC
|d OCLCQ
|d CLU
|d OCLCQ
|d OCLCA
|d OCLCQ
|d DEBBG
|d OCLCF
|d OCLCO
|d CUS
|d OCLCA
|d OCLCQ
|d WaSeSS
|
| 041 |
0 |
|
|a fre
|a ara
|b eng
|
| 042 |
|
|
|a pcc
|
| 043 |
|
|
|a f-ae---
|
| 050 |
0 |
0 |
|a Q91.A47
|b R57
|
| 210 |
0 |
|
|a RIST
|
| 222 |
|
0 |
|a RIST
|
| 245 |
0 |
0 |
|a RIST
|h [electronic resource] :
|b revue d'information scientifique et technique.
|
| 246 |
3 |
0 |
|a Revue d'information scientifique et technique
|
| 246 |
1 |
3 |
|6 880-01
|a Majallat al-maʻlūmāt al-ʻilmīyah wa-al-tiqnīyah
|
| 246 |
1 |
3 |
|6 880-02
|a Majallat al-maʻlūmāt
|
| 260 |
|
|
|a Alger :
|b Centre de recherche sur l'information scientifique et technique
|
| 310 |
|
|
|a Semiannual
|
| 500 |
|
|
|a Some issues lack Arabic title.
|
| 506 |
|
|
|a License restrictions may limit access.
|
| 546 |
|
|
|a Chiefly in French; some articles in Arabic; with abstracts in Arabic and English.
|
| 588 |
|
|
|a Description based on: Vol. 2, no 2, published in 1992; title from cover.
|
| 588 |
|
|
|a Latest issue consulted: Vol. 15, no. 01-02 (année 2005).
|
| 650 |
|
0 |
|a Science
|v Periodicals.
|
| 650 |
|
0 |
|a Engineering
|v Periodicals.
|
| 650 |
|
0 |
|a Research
|z Algeria
|v Periodicals.
|
| 650 |
|
7 |
|a Engineering.
|2 fast
|0 (OCoLC)fst00910312
|
| 650 |
|
7 |
|a Research.
|2 fast
|0 (OCoLC)fst01095153
|
| 650 |
|
7 |
|a Science.
|2 fast
|0 (OCoLC)fst01108176
|
| 651 |
|
7 |
|a Algeria.
|2 fast
|0 (OCoLC)fst01205459
|
| 655 |
|
0 |
|a Electronic journals.
|
| 710 |
2 |
|
|a Centre de recherche sur l'information scientifique et technique (Algeria)
|
| 850 |
|
|
|a DLC
|
| 856 |
4 |
0 |
|z Full text available from Research Library: 01/01/2011 to 01/31/2011
|u https://search.proquest.com/publication/1246349
|
| 880 |
1 |
3 |
|6 246-01/(3/r
|a مجلة المعلومات العلمية والتقنية
|
| 880 |
1 |
3 |
|6 246-02/(3/r
|a مجلة المعلومات
|